Catálogo
 En Linea

El fabulador : (Registro nro. 23972)

Detalles MARC
000 -CABECERA
campo de control de longitud fija 01016nam a2200253 a 4500
001 - NÚMERO DE CONTROL
campo de control 000024479
003 - IDENTIFICADOR DEL NÚMERO DE CONTROL
campo de control DO-SdBNP
005 - FECHA Y HORA DE LA ÚLTIMA TRANSACCIÓN
campo de control 20240412074251.0
007 - CAMPO FIJO DE DESCRIPCIÓN FÍSICA--INFORMACIÓN GENERAL
campo de control de longitud fija ta
008 - DATOS DE LONGITUD FIJA--INFORMACIÓN GENERAL
campo de control de longitud fija 110128s 2010 dr a 000 p spa d
020 ## - NÚMERO INTERNACIONAL ESTÁNDAR DEL LIBRO
Número Internacional Estándar del Libro 978993446071
040 ## - FUENTE DE LA CATALOGACIÓN
Centro catalogador/agencia de origen DO-SdBNP
Lengua de catalogación spa
Centro/agencia transcriptor BNPHU
082 #4 - NÚMERO DE LA CLASIFICACIÓN DECIMAL DEWEY
Número de clasificación BNPHU RD861.4408
Número de documento/Ítem G216f
100 1# - ENTRADA PRINCIPAL--NOMBRE DE PERSONA
Nombre de persona García, José Enrique,
Fechas asociadas al nombre 1948-
9 (RLIN) 22487
245 13 - MENCIÓN DE TÍTULO
Título El fabulador :
Resto del título poesía reunida 1977-2002 /
Mención de responsabilidad, etc. José Enrique García.
260 ## - PUBLICACIÓN, DISTRIBUCIÓN, ETC.
Lugar de publicación, distribución, etc. Santo Domingo :
Nombre del editor, distribuidor, etc. Búho,
Fecha de publicación, distribución, etc. 2010.
300 ## - DESCRIPCIÓN FÍSICA
Extensión 392 p. :
Otras características físicas il. ;
Dimensiones 23 cm.
505 0# - NOTA DE CONTENIDO CON FORMATO
Título Prólogo --
-- Meditaciones alrededor de una sospecha (1977) --
-- El fabulador (1979) --
-- Ritual del tiempo y los espacios (1982) --
-- Cuando la miraba pasar (1987) --
-- Huellas de la memoria (1994) --
-- Recodo (2000) --
-- Diversos poemas --
-- Notas a los poemarios.
590 ## - NOTA LOCAL (RLIN)
Nota local Inventariado, 2019 / DG
650 14 - PUNTO DE ACCESO ADICIONAL DE MATERIA--TÉRMINO DE MATERIA
Término de materia o nombre geográfico como elemento de entrada Poesía dominicana
Subdivisión general Colecciones
9 (RLIN) 351
650 10 - PUNTO DE ACCESO ADICIONAL DE MATERIA--TÉRMINO DE MATERIA
Término de materia o nombre geográfico como elemento de entrada Literatura dominicana.
9 (RLIN) 67
910 ## - DATOS DE OPCIÓN DEL USUARIO (OCLC)
Datos de opción del usuario Validado. Control de calidad. MMOLINA
942 ## - ELEMENTOS DE PUNTO DE ACCESO ADICIONAL (KOHA)
Fuente del sistema de clasificación o colocación Dewey Decimal Classification
Tipo de ítem Koha Libro
Existencias
Estado de retiro Estado de pérdida Fuente del sistema de clasificación o colocación Restricciones de uso No para préstamo Código de colección Localización permanente Ubicación/localización actual Ubicación en estantería Fecha de adquisición Fuente de adquisición Total de préstamos Signatura topográfica completa Código de barras Fecha visto por última vez Número de copia Precio válido a partir de Tipo de ítem Koha
    Dewey Decimal Classification Préstamo en sala   Monografías: Libros y Folletos Biblioteca Nacional Pedro Henríquez Ureña Dominicana Depósito 28.01.2011 Depósito Legal   BNPHU DS RD861.4408 G216f 24479-30 25.06.2020 e. 3 25.06.2020 Libro
    Dewey Decimal Classification Préstamo en sala   Monografías: Libros y Folletos Biblioteca Nacional Pedro Henríquez Ureña Dominicana Depósito 10.09.2021 Compra   BNPHU DS RD861.4408 G216f 2021-26333 10.09.2021 e.4 10.09.2021 Libro
    Dewey Decimal Classification Préstamo en sala   Monografías: Libros y Folletos Biblioteca Nacional Pedro Henríquez Ureña Dominicana Depósito 10.09.2021 Compra   BNPHU DS RD861.4408 G216f 2021-26334 10.09.2021 e.5 10.09.2021 Libro
    Dewey Decimal Classification Excluido de préstamo   Monografías: Libros y Folletos Biblioteca Nacional Pedro Henríquez Ureña Patrimonio Dominicano Depósito 28.01.2011 Depósito Legal   BNPHU PD RD861.4408 G216f 24479-10 25.06.2020   25.06.2020 Libro
    Dewey Decimal Classification Excluido de préstamo   Monografías: Libros y Folletos Biblioteca Nacional Pedro Henríquez Ureña Patrimonio Dominicano Depósito 28.01.2011 Depósito Legal   BNPHU PD RD861.4408 G216f 24479-20 25.06.2020 e. 2 25.06.2020 Libro

Con tecnología Koha